Geometry : teachers' commentary /

Guardado en:
Autor Corporativo: School Mathematics Study Group.
Otros Autores: Allen, Frank Benjamin, 1909-
Formato: Libro
Idioma:English
Publicado: New Haven [etc.] : Yale University Press, 1961.
Series:Unit / School Mathematics Study Group ; nº 15, nº 16
Etiquetas: Agregar Etiqueta
Sin Etiquetas, Sea el primero en etiquetar este registro!
LEADER 00781nam a22001695a 4500
001 EEA.libagro009944
008 130809s1961####xxka##########000#0#eng#d
005 20220504131311.0
245 1 0 |a Geometry :  |b teachers' commentary /  |c prepared under the supervision of the Panel on Sample Textbooks of the School Mathematics Study Group, Frank B. Allen ... [et al.]. 
260 |a New Haven [etc.] :  |b Yale University Press,  |c 1961. 
300 |a 2 v. :  |b il. ;  |c 25 cm. 
490 1 |a Unit / School Mathematics Study Group ;  |v nº 15, nº 16 
700 1 |a Allen, Frank Benjamin,  |d 1909- 
710 2 |a School Mathematics Study Group. 
082 0 4 |a 516.0071 
859 |a AR-BbBCA  |b BIB. AGRONOMIA  |h 516.0071  |i Y12  |p 1965/0281  |v Pt.1  |3 Part I 
859 |a AR-BbBCA  |b BIB. AGRONOMIA  |h 516.0071  |i Y12  |p 1965/0281b  |v Pt.2  |3 Part II